LEADER 01194nam2 22002891i 450 001 RML0262989 005 20231121125720.0 100 $a20121121d2002 ||||0itac50 ba 101 | $aita 102 $ait 181 1$6z01$ai $bxxxe 182 1$6z01$an 200 1 $a˜Vol. 2: œMetodi & strumenti$fLugi Guatri, Mauro Bini 210 $aMilano $cEGEA $d2002 215 $a445 p.$ctab.$d23 cm. 461 1$1001RML0262987$12001 $a˜I œmoltiplicatori nella valutazione delle aziende$fLuigi Guatri, Mauro Bini 676 $a658.1522$9$v20 700 1$aGUATRI$b, Luigi$3RMLV148510$027932 701 1$aBINI$b, Mauro$3RMLV149604$0460935 801 3$aIT$bIT-01$c20121121 850 $aIT-FR0098 899 $aBiblioteca Area Giuridico Economica$bFR0098 912 $aRML0262989 950 2$aBiblioteca Area Giuridico Economica$d 53IMP 658.1522/7 II$e 53VM 0000330905 VM barcode:ECO014255. - Inventario:7361VM$fA $h20030512$i20121204$d 53IMP RIC7521$e 53VM 0000330895 VM barcode:ECO014078. - Inventario:7521VM$fB $h20030526$i20121204 977 $a 53 996 $aMetodi & strumenti$91205976 997 $aUNICAS